Quizzes
Events
Quiz Creation
Community
Videos
Private Events
Remove Ads
Sign In
Join for FREE
Feedback
Dark Mode
Quiz Categories
Sports
Geography
Music
Movies
Television
Just For Fun
Miscellaneous
History
Literature
Language
Science
Gaming
Entertainment
Religion
Holiday
For Kids
Quiz Lab
Recent
Popular Today
Quiz Kudos Today
Editor Picks
Curator Picks
Quizzes by...
Day
Popularity
Type
Ratings
Length
Year
Community
Subscriptions
Recent Discussions
Orange Saloon
Badges
Playlists
Quests
Create
Leaderboards
Showdown
Live 5
Trivia Bingo
Activity
Puzzle Library
Sporcle Events
Private Events
Virtual Trivia
Globe League
Become a Host
Pub Owners
SporcleCon
Opinionation
Our Games
Videos
Blog
Mobile Apps
Partnerships
Remove Ads and Go Orange
Feedback
Science
Computer
Plants
Astronomy
Chemistry
Elements
Math
Animal
Physics
Anatomy
Biology
Geology
General Science
Science
Computer
Plants
Astronomy
Chemistry
Elements
Math
Animal
Physics
Anatomy
Biology
Geology
General Science
Random Quiz
Search Sporcle
×
Quiz Lab
Quiz Lab
Science
pharmaceutical
Type in answers that appear in a list
Type in answers that appear in a list
Classic
Best Score? Go Orange.
Pharmaceutical Drugs #1 Stats
Can you name the Pharmaceutical Drugs #1?
By
Jewbacca98
20m
31 Questions
114 Plays
114 Plays
114 Plays
Comments
Comments
Give Quiz Kudos
Give Quiz Kudos
-
- Ratings
hide this ad
Replay
Link that replays current quiz
Next Quiz
Link to next quiz in quiz playlist
You Got
0%
They Got
Avg Score
45%
Avg Friend Score
Upgrade to see
Score Distribution
Jump to the score distribution portion of the page
Score
0/31
Timer
20:00
0
Plays Today
Hint
Answer
% Correct
Benzodiazepines
Diazepam long
78.9%
Benzodiazepines
Lorazepam short-intermediate
65.8%
Benzodiazepines
Temazepam
62.3%
Benzodiazepines
Alprazolam short-intermediate
61.4%
Benzodiazepines
Clonazepam intermediate
60.5%
Barbiturates
Phenobarbital
58.8%
Bipolar Disorder
Lithium
55.3%
SSRIs
Fluoxetine
52.6%
Buspirone
Buspirone
51.8%
Other sedative-
hypnotics
Zolpidem
50.9%
SSRIs
Sertraline
50.9%
Barbiturates
Pentobarbital
50%
Benzodiazepines
Triazolam
48.2%
Benzodiazepines
Oxazepam short-intermediate
48.2%
Barbiturates
Secobarbital
46.5%
Depression Drug Groups
SSRIs
44.7%
Hint
Answer
% Correct
Other sedative-
hypnotics
Chloral hydrate
42.1%
Tricyclics
Amitriptyline
41.2%
Other sedative-
hypnotics
Zaleplon
39.5%
Depression Drug Groups
Tricyclics
39.5%
Other sedative-
hypnotics
Ethanol
37.7%
Other sedative-
hypnotics
Promethazine
36.8%
Depression Drug Groups
MAO inhibitors
36.8%
SSRIs
Escitalopram
36%
Tricyclics
Nortriptyline
34.2%
Tricyclics
Doxepin
32.5%
Other Antidepressants
Venlafaxine
32.5%
Depression Drug Groups
Other Antidepressants
31.6%
MAO inhibitors
Phenelzine
31.6%
MAO inhibitors
Tranylcpromine
27.2%
Other Antidepressants
Bupropion
27.2%
Quiz Playlist
Details
Report
Send in Message
Add To Playlist
Classic:
Type in answers that appear in a list
Last Updated: Feb 16, 2017
Quiz Scoreboard
CHALLENGE
Sign Up to Join the Scoreboard
Show All
Scores
Hide
Comments
May contain spoilers
Recently Published
1-10 Letter E Words III
by El_Dandy
Language
2m
One Thing in Common: World Cities II
by knightlancer
Geography
7m
Popular People in 1961
by mucciniale
History
6m
More to Explore
Quiz From the Vault
Featured Blog Post
Where Did the Easter Bunny Come From?
hide this ad
You Might Also Like...
Tags
Drug
pharmaceutical
Pharmaceutical Drugs
Today's Top Quizzes in Science
Browse Science
hide this ad
Top Contributed Quizzes in Science
1
Quick Pick: Radians
2
One Thing in Common: Science III
3
One Thing in Common: Science
4
Sporcle Puzzle Hunt: Science
5
One Thing in Common: Science II
6
Quick Pick: 'CI-CJ' Animals
7
Click the Parts of an Plant Cell
8
Elements In Images
9
Multiplication table 1-10
10
Square Numbers Scrambled (1-50)
Explore More
Trending Topics
NBA
Harry Potter
Kpop
Marvel
Crossword
Anime
Disney
NFL
Soccer
WWE
The Office
Country
Pokémon
Song
Puzzle
hide this ad
More By:
Jewbacca98
Quiz
Plays
Rating
Category
Featured
Created
Lumbar plexus
1,516
Science
Jul 10, 2015
Ascending and Descending Tracts Spinal Cord
563
4.00
Science
Sep 20, 2015
Muscles of Mastication
347
Science
Jun 23, 2015
Sacral Plexus
307
Science
Jul 10, 2015
Manual Muscle Testing Grades
285
Science
Dec 3, 2015
Go to Creator's Profile
Score Distribution
Quiz Creator Spotlight
Jewbacca98
Follow
Send a Message
Quizzes Created
-
Created Quiz Play Count
-
More By This Creator
Popular Quizzes Today
1
Find the US States - No Outlines Minefield
2
The Countries of the World
3
Popular People in 1961
4
Find the Countries of Europe - No Outlines Minefield
5
1-10 Letter E Words III
6
Find the US States
7
One Thing in Common: World Cities II
8
US States
More Science Quizzes
Periodic Table by 3-letter String (no IUM)
Quiz Lab
Trending Quizzes
1-10 Letter F Words
1-10 Letter G Words
Risky Map Clicking: Next State Alphabetically
1-10 Letter F Words II
Risky Map Clicking: States by Unique Starting Letters
Recently Updated
Leaping Animals
pecheneg
Reality TV Shows (A-Z)
bhenderson79
Rickey Henderson's Hall of Fame Teammates
pecheneg
Champions League XIs: Arsenal
pecheneg
Quick Pick: Celebrities in WWE's Hall of Fame
aduchscher
A-Z Keypad Blitz II
pecheneg
Multiple Oscar Actors
pecheneg
Mystery Phrase Blitz: Oscar 'Best Actors'
pecheneg
F. Scott Fitzgerald Novels
LTH
Pick 3 Villains
ddd62291
Trending Topics
NBA
Kpop
Anime
Harry Potter
Marvel
Disney
Crossword
The Office
NFL
Pokémon
Puzzle
Country
Song
Soccer
WWE
Your Account Isn't Verified!
In order to create a playlist on Sporcle, you need to verify the email address you used during registration. Go to your
Sporcle Settings
to finish the process.
Report this User
Report this user for behavior that violates our
Community Guidelines
.
Details:
Send Report
Go to the Sporcle.com Mobile Site →
Comments